Welcome to CU Library Online Public Access Catalogue (OPAC)

The underground home answer book / (Record no. 8318)

MARC details
000 -LEADER
fixed length control field 00700pam a2200241 a 4500
001 - CONTROL NUMBER
control field 4240763
005 - DATE AND TIME OF LATEST TRANSACTION
control field 20251121184959.0
008 - FIXED-LENGTH DATA ELEMENTS--GENERAL INFORMATION
fixed length control field 830429s1983 paua 001 0 eng
020 ## - INTERNATIONAL STANDARD BOOK NUMBER
International Standard Book Number 0830602623 :
Terms of availability $16.95
020 ## - INTERNATIONAL STANDARD BOOK NUMBER
International Standard Book Number 0830601627 (pbk.) :
Terms of availability $10.95
020 ## - INTERNATIONAL STANDARD BOOK NUMBER
International Standard Book Number 9780830602629
020 ## - INTERNATIONAL STANDARD BOOK NUMBER
International Standard Book Number 9780830601622
050 00 - LIBRARY OF CONGRESS CALL NUMBER
Classification number TH4819.E27
Item number S347 1983
082 00 - DEWEY DECIMAL CLASSIFICATION NUMBER
Classification number 690/.8
Edition information 19
100 1# - MAIN ENTRY--PERSONAL NAME
Personal name Scott, Ray G.
245 14 - TITLE STATEMENT
Title The underground home answer book /
Statement of responsibility, etc. by Ray G. Scott.
250 ## - EDITION STATEMENT
Edition statement 1st ed.
260 ## - PUBLICATION, DISTRIBUTION, ETC.
Place of publication, distribution, etc. Blue Ridge Summit, Pa. :
Name of publisher, distributor, etc. Tab Books,
Date of publication, distribution, etc. c1983.
300 ## - PHYSICAL DESCRIPTION
Extent vii, 263 p. :
Other physical details ill. ;
Dimensions 22 cm.
500 ## - GENERAL NOTE
General note Includes index.
650 #0 - SUBJECT ADDED ENTRY--TOPICAL TERM
Topical term or geographic name entry element Earth sheltered houses.
942 ## - ADDED ENTRY ELEMENTS (KOHA)
Source of classification or shelving scheme Library of Congress Classification
Koha item type Books
Edition 1st ed.
Suppress in OPAC No
999 ## -
-- 8318
-- 8318
Holdings
Withdrawn status Lost status Source of classification or shelving scheme Damaged status Not for loan Collection Home library Current library Shelving location Date acquired Total checkouts Full call number Barcode Date last seen Copy number Price effective from Koha item type
    Library of Congress Classification     Non-fiction Science Library (Miotso) Science Library (Miotso) General stacks 11/21/2025   TH4819.E27 S347 SCO SLM00005967 11/21/2025 1 11/21/2025 Books
© 2023-2024 Copyright: Central University Libraries. All Rights Reserved | Created by: Mahone Tech Office